000
00295nam a2200121 a 4500
005
20140414093834.0
008
030610s19uu xx 00 eng d
050
_a
CDR 500
_b
THI 1996
245
_a
Thinkin' science.
650
_a
Science
_x
Interaction videos.
942
_c
AVM
999
_c
108941
_d
108941